Представление документа в формате RUSMARC

ПолеНазваниеЗначение
  Тип записи a
  Библиографический уровень a
001 Контрольный номер RU/CBS_UL/BASE/cafe87eb5a634396a0d1a769624b8c76
005 Дата корректировки 20260316015048.7
100 Данные общей обработки __
a Данные общей обработки 20260316 ||| 0rusy0189 ca
101 Язык документа 0_
a Язык текста rus
102 Страна публикации __
a Страна публикации RU
200 Заглавие и сведения об ответственности 1_
a Заглавие Народный поэт
e Сведения, относящиеся к заглавию [о поэте Т. Шевченко]
f Первые сведения об ответственности А. Воловик
300 Общие примечания __
a Общие примечания 12+
461 Уровень набора _0
1 2000
a Честь Отечества
463 Уровень физической единицы _0
1 2000
a № 3-4
v С. 50-52 : ил.
1 2101
d 2024
1 001RU/CBS_UL/BASE/71482678d97d43af8138cf17c941dee2
600 Персоналии _1
a Персоналии (Фамилия) Шевченко
b Персоналии (Имя, инициалы) Т.Г.
606 Тематические рубрики 0_
a Основная рубрика Шевченко, Тарас Григорьевич (1814-1861)
610 Ключевые слова 0_
a Ключевые слова поэты, поэты украинские, поэты российские, прозаики, мыслители, живописцы, графики, этнографы, общественные деятели
686 Индексы других классификаций __
2 Код системы rubbk
a Классификационный индекс 83.3(4Укр)
700 Автор _1
a Фамилия Воловик
b Имя (инициалы) А.
801 Источник записи _0
a Страна RU
b Организация МБУК ЦБС г. Ульяновска
c Дата составления 20260316
g Правила каталогизации RCR
801 Источник записи _1
a Страна RU
b Организация МБУК ЦБС г. Ульяновска
c Дата составления 20260316
g Правила каталогизации RCR
901 Тип документа __
t Тип документа b
w Контрольный № источника RU/CBS_UL/BASE/71482678d97d43af8138cf17c941dee2
909 Создатель записи __
a Создатель записи lib1